logo

Bir Sreshtho Munshi Abdur Rouf Library
Jhenaidah Cadet College

Design Projects in Technical Drawing / (Record no. 5982)

MARC details
000 -LEADER
fixed length control field 00642nam a22002417a 4500
001 - CONTROL NUMBER
JCCL Control Number 5982
003 - CONTROL NUMBER IDENTIFIER
JCCL marc code BD-JhCC
005 - DATE AND TIME OF LATEST TRANSACTION
control field 20171231165514.0
008 - FIXED-LENGTH DATA ELEMENTS--GENERAL INFORMATION
fixed length control field 171231s1973 -ukado|| |||| 00| 0 eng d
020 ## - INTERNATIONAL STANDARD BOOK NUMBER
International Standard Book Number 333130618
035 ## - SYSTEM CONTROL NUMBER
system control number (BD-JhCC)5982
040 ## - CATALOGING SOURCE
Original cataloging agency BD-JhCC
Modifying agency BD-JhCC
041 ## - LANGUAGE CODE
Language code of Book eng
082 ## - DEWEY DECIMAL CLASSIFICATION NUMBER
Classification number 604.24076
Author mark and Year CUT 1973
100 ## - MAIN ENTRY--PERSONAL NAME
Personal name Cuthbert, B. G.
245 ## - TITLE STATEMENT
Title Design Projects in Technical Drawing /
Statement of responsibility, etc B. G.Cuthbert and M. R. Pattenden
260 ## - PUBLICATION, DISTRIBUTION, ETC. (IMPRINT)
Place of publication, distribution, etc London :
Name of publisher, distributor, etc Macmillan;
Date of publication, distribution, etc 1973.
300 ## - PHYSICAL DESCRIPTION
Pagination 77 p.:
Other physical details ill. ;
Dimensions 26 cm
500 ## - GENERAL NOTE
General note Includes illustration
650 ## - SUBJECT ADDED ENTRY--TOPICAL TERM
Topical term or geographic name as entry element Mechanical Drawing
942 ## - ADDED ENTRY ELEMENTS (KOHA)
Source of classification or shelving scheme Dewey Decimal Classification
Koha item type Books
Holdings
Source of classification or shelving scheme Damaged status Not for loan Home library Current library Shelving location Date of accession Total Checkouts Full call number Barcode Date last seen Copy number Koha item type
Dewey Decimal Classification     JCC Rouf Library JCC Rouf Library General Stacks 12/31/2017   604.24076 CUT 1973 8401 12/31/2017 C-1 Books

JCC Library | Contacts | JCC Home

Last Update on 23 September 2017
Copyright @ 2017-2020 JCC Rouf Library
Rouf Library, Jhenidah Cadet College (JCC), Bangladesh